书目信息 |
| 题名: |
不列颠百科全书 12
|
|
| 作者: | 美国不列颠百科全书公司 编著 | |
| 分册: | ||
| 出版信息: | 北京 中国大百科全书出版社 1999.04 |
|
| 页数: | 552页 | |
| 开本: | 16开 | |
| 丛书名: | ||
| 单 册: | ||
| 中图分类: | Z227 | |
| 科图分类: | ||
| 主题词: | 百科全书--中国 | |
| 电子资源: | ||
| ISBN: | 7-5000-6060-2 | |
| 000 | 00628nam0 2200193 45 | |
| 001 | 0008220828 | |
| 005 | 20001120185638.1 | |
| 010 | @a7-5000-6060-2@d110.00元 | |
| 100 | @a20000822d1999 km y0chiy0120 ea | |
| 101 | 0 | @achi |
| 105 | @a z 000yy | |
| 200 | 1 | @a不列颠百科全书 12@ABu Lie Dian Bai Ke Quan Shu 12@f美国不列颠百科全书公司编著@FMei Guo Bu Lie Dian Bai Ke Quan Shu Gong Si Bian Zhu |
| 210 | @a北京@c中国大百科全书出版社@d1999.04 | |
| 215 | @a552页@d16开 | |
| 606 | 0 | @a百科全书@x中国 |
| 690 | @aZ227@v3 | |
| 701 | 0 | @a美国不列颠百科全书公司@4编著 |
| 801 | @aCN@bPftUser@c20000822 | |
| 905 | @dZ227@eM027:12@b415389@f1 | |
| 不列颠百科全书 12/美国不列颠百科全书公司编著.-北京:中国大百科全书出版社,1999.04 |
| 552页;16开 |
| ISBN 7-5000-6060-2:110.00元 |
| ● |
| 相关链接 |
|
|
|
正题名:不列颠百科全书12
索取号:Z227/M027:12
 
预约/预借
| 序号 | 登录号 | 条形码 | 馆藏地/架位号 | 状态 | 备注 |
| 1 | 415389 | 204153897 | 自科库501/501自科库 133排1列2层/ [索取号:Z227/M027:12] | 在馆 |